000 00558nam a2200229Ia 4500
003 OSt
005 20221005113610.0
006 a|||||r|||| 00| 0
007 ta
008 221004b |||||||| |||| 00| 0 mal d
024 _a56111
037 _cTextual
040 _aCRL
_cCRL
_bmal
041 _2mal
_amal
082 _aO32,3N38,1, L4
100 _aVatsala
_9527840
245 0 _aAaagnayam
260 _c1974
650 _aMALAYALAM FICTION
_9183428
942 _hO32,3N38,1, L4
_cTEXL
_2cc
999 _c1028699
_d1028699